| 000 | 00851nam a22001817a 4500 | ||
|---|---|---|---|
| 003 | OSt | ||
| 005 | 20220426042056.0 | ||
| 008 | 170324b xxu||||| |||| 00| 0 eng d | ||
| 020 | _a9782070363308 | ||
| 040 |
_aMMU _cMMU _dMMU _beng |
||
| 050 | 0 | 0 | _aPQ2613 .I57S6 1932 |
| 100 | 1 |
_aGiono, Jean _d1895-1970. |
|
| 245 | 1 | 0 |
_aSolitude de la pitié. _c Jean, Giono |
| 260 |
_a[Paris] _bGallimard _c[1932] |
||
| 300 |
_a3 p. 1., [9]-222 p. 1 l. _c19 cm. |
||
| 505 | 0 | _aSolitude de la pitié.--Prélude de Pan.--Champs.--Ivan Ivanovitch Kossiakoff.--La main.--Annette ou une affaire de famille.--Au bord des routes.--Jofroi de la Maussan.--Philémon.--Joselet.--Sylvie.--Babeau.--Le mouton.--Au pays des coupeurs d'arbres.--La grande barrière.--Destruction de Paris.--Magnétisme.--Peur de la terre.--Radeaux perdus.--Le chant du monde. | |
| 942 |
_2lcc _cFICTION |
||
| 999 |
_c25979 _d25979 |
||